000 00847cam a2200229 4500
001 ABS68195
008 040924n2004 000 0 eng u
035 _a(Sirsi) u127508
245 _aNew concrete engineering
260 _c2004
490 _aNew Civil Engineer
_vSupplement September 2004 (30) (LOAN)
520 _aSeries of articles looking at the use of concrete in construction. Includes: brownfield remediation using soil stabilisation and solidification; fire resistance of concrete; design; sustainability; and examples of the use in concrete in specific projects.
590 _aABS
590 _aABS
650 _aCONCRETE
650 _aBROWNFIELD SITES
650 _aREMEDIATION METHODS
650 _aFIRE RESISTANCE
650 _aBUILDING DESIGN
690 _aBUILDING AND CONSTRUCTION-ENGINEERING-CIVIL
942 _n0
999 _c118045
_d118045